Aliments commençant par M - Statistiques

Statistiques générales
  • Ce quiz a été pris 3 865 fois
  • Le résultat moyen est 16 sur 20
Statistiques - réponses
Par images Réponse % Correct
Macaron
99%
Maïs
99%
Mangue
99%
Melon
98%
Miel
98%
Menthe
97%
Moule
96%
Muffin
93%
Mandarine
90%
Moutarde
90%
Madeleine
89%
Meringue
89%
Mozzarella
88%
Macaroni
77%
Mâche
70%
Maquereau
52%
Manioc
40%
Marmelade
39%
Morille
37%
Maroilles
31%
Aucun quiz correspondant
Distribution des résultats
% des personnes avec chaque résultat
Percentile par nombre de réponses
Votre historique - résultats
Vous n’avez pas pris ce quiz